[Event "Western Province-chT"]
[Site "Cape Town"]
[Date "2018.08.04"]
[Round "2"]
[White "Diamond, Ruben"]
[Black "Samuel, Caleb"]
[Result "1-0"]
[WhiteElo "1644"]
[BlackElo "1750"]
[PlyCount "91"]
[EventDate "2018.08.04"]
[EventType "team-tourn"]
[EventRounds "11"]
[EventCountry "RSA"]
[SourceTitle "EXT 2020"]
[Source "ChessBase"]
[SourceDate "2019.10.17"]
[SourceVersion "1"]
[SourceVersionDate "2019.10.17"]
[SourceQuality "1"]
[WhiteTeam "Western Cape Univ"]
[BlackTeam "Stellenbosch"]
[WhiteTeamCountry "RSA"]
[BlackTeamCountry "RSA"]

1. e4 e6 2. Nc3 a6 3. Bc4 b5 4. Bb3 d6 5. Nf3 Nf6 6. 0-0 Nbd7 7. a3 Be7 8. Nd4 c5 9. Nde2 Qc7 10. d3 Bb7 11. f4 Nb6 12. f5 e5 13. Ng3 c4 14. Ba2 Qc5+ 15. Kh1 d5 16. exd5 Nfxd5 17. Nce4 Qc6 18. Qg4 Bf6 19. Nh5 0-0-0 20. a4 Nxa4 21. dxc4 Nb4 22. Nexf6 gxf6 23. cxb5 axb5 24. Bxf7 Nxc2 25. Rb1 Kb8 26. Bh6 Rd4 27. Qg7 Rhd8 28. Nxf6 Rd2 29. Bxd2 Rxd2 30. Qg8+ Ka7 31. Bd5 Qxf6 32. Bxb7 Kxb7 33. Qxh7+ Kb6 34. Qg6 Rd6 35. Qe8 Ne3 36. Qb8+ Ka6 37. Rfe1 Ng4 38. b3 Qh6 39. h3 Rd2 40. Qc8+ Ka7 41. Qc7+ Ka6 42. f6 Nf2+ 43. Kg1 Qxf6 44. bxa4 Qb6 45. Qxb6+ Kxb6 46. Rxb5+ 1-0

[Event "RSA-chT U20"]
[Site "Boksburg"]
[Date "2018.01.08"]
[Round "7.5"]
[White "Van der Lingen, Waldi"]
[Black "Samuel, Caleb"]
[Result "1-0"]
[WhiteElo "1411"]
[BlackElo "1687"]
[PlyCount "43"]
[EventDate "2018.01.04"]
[EventType "team-tourn"]
[EventRounds "7"]
[EventCountry "RSA"]
[SourceTitle "CBM 182 Extra"]
[Source "ChessBase"]
[SourceDate "2018.02.23"]
[SourceVersion "1"]
[SourceVersionDate "2018.02.23"]
[SourceQuality "1"]
[WhiteTeam "Johannesburg Metro U20"]
[BlackTeam "Western Province U20"]
[WhiteTeamCountry "RSA"]
[BlackTeamCountry "RSA"]

1. d4 Nf6 2. Nf3 g6 3. Nc3 d5 4. Bg5 Bg7 5. e3 Bf5 6. Be2 0-0 7. h4 h5 8. Ne5 Nfd7 9. g4 hxg4 10. Nxg4 f6 11. Nh6+ Kh7 12. Nxf5 gxf5 13. Bf4 c6 14. Bd3 e6 15. Qh5+ Kg8 16. 0-0-0 Qe8 17. Qxe8 Rxe8 18. Rdg1 Kh7 19. h5 Na6 20. Rg6 Rg8 21. Rhg1 Bh8 22. Rh6# 1-0

[Event "RSA-ch U18"]
[Site "Bloemfontein"]
[Date "2016.03.24"]
[Round "8"]
[White "Tshabalala, Ernest"]
[Black "Samuel, Caleb"]
[Result "1/2-1/2"]
[WhiteElo "1842"]
[BlackElo "1757"]
[PlyCount "49"]
[EventDate "2016.03.20"]
[EventType "swiss"]
[EventRounds "11"]
[EventCountry "RSA"]
[SourceTitle "CBM 171 Extra"]
[Source "ChessBase"]
[SourceDate "2016.04.26"]
[SourceVersion "1"]
[SourceVersionDate "2016.04.26"]
[SourceQuality "1"]

1. e4 c5 2. Nf3 e6 3. d4 cxd4 4. Nxd4 a6 5. Be3 b5 6. a3 Bb7 7. Nc3 Qc7 8. Qd2 Nc6 9. Be2 Nf6 10. Nxc6 dxc6 11. Rd1 Be7 12. 0-0 c5 13. Bf3 Rd8 14. Qe2 0-0 15. b3 Rxd1 16. Rxd1 b4 17. Na4 Nxe4 18. axb4 cxb4 19. Bb6 Qc6 20. Rd4 f5 21. Rc4 Qd5 22. Bc5 Bxc5 23. Nxc5 Rd8 24. h3 Rd6 25. Nxe4 1/2-1/2

[Event "RSA-chT U18"]
[Site "Cape Town"]
[Date "2016.01.05"]
[Round "3.3"]
[White "Minnaar, Zander"]
[Black "Samuel, Caleb"]
[Result "0-1"]
[WhiteElo "1454"]
[BlackElo "1688"]
[PlyCount "27"]
[EventDate "2016.01.04"]
[EventType "team-tourn"]
[EventRounds "7"]
[EventCountry "RSA"]
[SourceTitle "CBM 170 Extra"]
[Source "ChessBase"]
[SourceDate "2016.02.25"]
[SourceVersion "1"]
[SourceVersionDate "2016.02.25"]
[SourceQuality "1"]
[WhiteTeam "Sedibeng"]
[BlackTeam "Western Province"]
[WhiteTeamCountry "RSA"]
[BlackTeamCountry "RSA"]

1. e4 d5 2. exd5 Qxd5 3. Nc3 Qd6 4. d4 Nf6 5. Nf3 Bf5 6. Be2 c5 7. 0-0 e6 8. Ne5 Be7 9. Bf4 Qd8 10. g4 Bg6 11. h4 Nc6 12. f3 Nxe5 13. Bxe5 a6 14. Qd2 0-1

[Event "RSA-ch U20"]
[Site "Waterkloof"]
[Date "2015.04.09"]
[Round "9"]
[White "Crismann, Alessandro Claudio"]
[Black "Samuel, Caleb"]
[Result "1-0"]
[WhiteElo "1835"]
[BlackElo "1675"]
[PlyCount "55"]
[EventDate "2015.04.04"]
[EventType "swiss"]
[EventRounds "9"]
[EventCountry "RSA"]
[SourceTitle "CBM 166 Extra"]
[Source "ChessBase"]
[SourceDate "2015.06.18"]
[SourceVersion "1"]
[SourceVersionDate "2015.06.18"]
[SourceQuality "1"]

1. e4 c5 2. Nc3 Nc6 3. f4 g6 4. Nf3 Bg7 5. Bc4 e6 6. 0-0 Nge7 7. Qe1 0-0 8. d3 d5 9. Bb3 Nd4 10. Nxd4 cxd4 11. Nd1 a5 12. a4 dxe4 13. dxe4 b6 14. Nf2 Ba6 15. Nd3 Rc8 16. Rf3 Re8 17. Rh3 Nc6 18. Bd2 Qf6 19. g4 h6 20. g5 hxg5 21. fxg5 Qe7 22. Qh4 Ne5 23. Rf1 Bc4 24. Nxe5 Bxe5 25. Rf6 Bxf6 26. gxf6 Qxf6 27. Qxf6 Bxb3 28. Rh8# 1-0

[Event "RSA-ch U20"]
[Site "Waterkloof"]
[Date "2015.04.08"]
[Round "7"]
[White "Bezuidenhout, Roland Reinhold"]
[Black "Samuel, Caleb"]
[Result "1-0"]
[WhiteElo "2075"]
[BlackElo "1675"]
[PlyCount "101"]
[EventDate "2015.04.04"]
[EventType "swiss"]
[EventRounds "9"]
[EventCountry "RSA"]
[SourceTitle "CBM 166 Extra"]
[Source "ChessBase"]
[SourceDate "2015.06.18"]
[SourceVersion "1"]
[SourceVersionDate "2015.06.18"]
[SourceQuality "1"]

1. e4 c5 2. Nf3 Nc6 3. Bb5 g6 4. 0-0 Bg7 5. Re1 Nf6 6. c3 0-0 7. d4 cxd4 8. cxd4 d5 9. e5 Ne8 10. Nc3 Nc7 11. Bxc6 bxc6 12. Na4 Bd7 13. Bd2 Ne6 14. Rc1 f6 15. exf6 Rxf6 16. Qe2 Rxf3 17. Qxf3 Nxd4 18. Qa3 e5 19. Nc5 Be8 20. Qh3 Nf5 21. Ne6 Qe7 22. Nxg7 Qxg7 23. Qc3 e4 24. Qb3 Qf7 25. Qb4 Qc7 26. Qc5 Qb6 27. Bb4 Qxc5 28. Bxc5 a6 29. f3 exf3 30. g4 Nh6 31. h3 Nf7 32. Be7 Nh6 33. Rc3 Nf7 34. Rxf3 Rb8 35. b3 Kg7 36. Bf6+ Kf8 37. Rfe3 Bd7 38. Bd4 Ng5 39. Rf1+ Kg8 40. Re7 Ne6 41. Rxd7 Nxd4 42. Rff7 h5 43. Rg7+ Kh8 44. Rh7+ Kg8 45. Rdg7+ Kf8 46. Rxg6 hxg4 47. Rxg4 Rb4 48. Kf2 a5 49. a3 Rxb3 50. Rxd4 Rxa3 51. h4 1-0

[Event "RSA-ch U20"]
[Site "Waterkloof"]
[Date "2015.04.04"]
[Round "2"]
[White "Oberholzer, Francois"]
[Black "Samuel, Caleb"]
[Result "1/2-1/2"]
[WhiteElo "1945"]
[BlackElo "1675"]
[PlyCount "50"]
[EventDate "2015.04.04"]
[EventType "swiss"]
[EventRounds "9"]
[EventCountry "RSA"]
[SourceTitle "CBM 166 Extra"]
[Source "ChessBase"]
[SourceDate "2015.06.18"]
[SourceVersion "1"]
[SourceVersionDate "2015.06.18"]
[SourceQuality "1"]

1. e4 c5 2. Nf3 Nc6 3. c3 d6 4. d4 cxd4 5. cxd4 Nf6 6. Nc3 g6 7. Bd3 Bg7 8. 0-0 0-0 9. h3 Bd7 10. Be3 a6 11. a3 Rc8 12. Rc1 Na5 13. e5 Ne8 14. Ne4 Rxc1 15. Bxc1 Be6 16. Neg5 Bd5 17. Qe2 Nb3 18. Bf4 h6 19. Ne4 Nxd4 20. Nxd4 dxe5 21. Bxh6 exd4 22. Bxg7 Nxg7 23. Ng5 Qd6 24. Qg4 Ne6 25. Re1 Qf4 1/2-1/2